01156nas a2200325 4500001001000000003000900010005001700019007000300036008003400039040005400073041000900127072000800136100002000144100002700164100001900191100001900210100001900229100002000248245010600268650000900374650002300383650001400406650002800420650002700448773012900475909004000604942001800644999001900662952014900681BR0301268BR-BrBNA20231205103623.0ta230509b bl.|||p| |||| 00| 00por d aBR-BrBNAbporcBiblioteca Nacional de Agricultura a(Pt) aL501 aSantana, M.I.S.1 aCarneiro e Silva, F.O.1 aSeverino, R.S.1 aSantos, A.L.Q.1 aDrummond, S.S.1 aBombonato, P.P.1 aIrrigação da bolsa cloacal, em aves reprodutoras, da linhagem Peterson (Gallus gallus domesticus) aGALO aBOLSA DE FABRICIUS aARTÉRIA aANÁLISE ESTATÍSTICA aIRRIGAÇÃO ARTERIAL0 tBrazilian Journal of Veterinary Research and Animal Science (Brazil)xISSN 1413-9596g(1999), v. 36(1-3) p. 59-65wBR0301268 a202311bLúciac55dLúcia Elande 2AGRISn0cANA c173851d173851 002AGRIS4071a41918b41918cPeriódicos Agrícolash(1999), v. 36(1-3) p. 59-65l0r2023-11-29t01yCRePortaria Interministerial nº 164/94